| 000 | 00717nac a22001931u 4500 | ||
|---|---|---|---|
| 008 | 100719t ua|||||r|||| 001 0 ara d | ||
| 020 | _a9771110659 : | ||
| 082 |
_a100 _bم ي د |
||
| 100 |
_aميد، هنتر _916483 |
||
| 245 |
_aالفلسفة : _bأنواعها ومشكلاتها / _cهنتر ميد ؛ ترجمة فؤاد زكريا |
||
| 260 |
_aالقاهرة : _bدار مصر للطباعة ،1969 _c1969 |
||
| 300 |
_a454 ؛ص _c24 سم |
||
| 504 | _aيشتمل على إرجاعات ببليوجرافية وكشاف | ||
| 511 | _aCatalogued by: Sara | ||
| 541 | _a؛ الف باء | ||
| 650 |
_aالأخلاق، علم _915106 |
||
| 650 |
_aالفلسفة _916209 |
||
| 942 |
_cBB _k100 م ي د _2ddc |
||
| 999 |
_c5488 _d5488 |
||